Corporate finance / (Record no. 98292)

MARC details
000 -LEADER
fixed length control field 00950nam a22002537a 4500
005 - DATE AND TIME OF LATEST TRANSACTION
control field 20231123110024.0
010 ## - LCCN (DPL NO)
LC control number 1617EN ENG-114489 ENG-138452
020 ## - INTERNATIONAL STANDARD BOOK NUMBER
International Standard Book Number 9788120351615
Terms of availability 595.00
035 ## - SYSTEM CONTROL NUMBER
System control number B-653312-323 EN-121984
035 ## - SYSTEM CONTROL NUMBER
System control number EN-98021
037 ## - SOURCE OF ACQUISITION
Source of stock number/acquisition ABC
Stock number dpl
037 ## - SOURCE OF ACQUISITION
Source of stock number/acquisition DBAD/PUB
082 ## - DEWEY DECIMAL CLASSIFICATION NUMBER
Classification number 658.15
100 ## - MAIN ENTRY--PERSONAL NAME
Personal name Ahuja, Narender L.
245 ## - TITLE STATEMENT
Title Corporate finance /
Statement of responsibility, etc by Narender L. Ahuja, Varun Dawar [and] Rakesh Arrawatia
260 ## - PUBLICATION, DISTRIBUTION, ETC. (IMPRINT)
Place of publication, distribution, etc Delhi
Name of publisher, distributor, etc PHI Learning
Date of publication, distribution, etc 2016
270 ## - ADDRESS
Address Rimjhim House, 111, Patparganj Industrial Estate
City Delhi
Postal code 110092
300 ## - PHYSICAL DESCRIPTION
Extent xvii,537p.
Dimensions 28cm(pbk)
Other physical details ill.
500 ## - GENERAL NOTE
General note Includes index
700 ## - ADDED ENTRY--PERSONAL NAME
Personal name Dawar, Varun
9 (RLIN) 59004
700 ## - ADDED ENTRY--PERSONAL NAME
Personal name Arrawatia, Rakesh
9 (RLIN) 59005
942 ## - ADDED ENTRY ELEMENTS (KOHA)
Source of classification or shelving scheme Dewey Decimal Classification
Item type English Books
Call number suffix AHU
Classification part 658.15
Holdings
Withdrawn status Lost status Not for loan Collection code Home library Current library Date acquired Source of acquisition Cost, normal purchase price Full call number Barcode Copy number Cost, replacement price Koha item type
      Non-fiction Bawana Bawana 16/02/2017 BPPD/EN/2016-17/286/24.11.2016/4983/28.11.2016/4.1.2017 595.00 658.15 AHU B-653322 1 595.00 English Books
      Non-fiction Bawana Bawana 23/11/2023 DBAD/PUB 595.00 AHU 658.15 EN-121984 1 595.00 English Books
      Non-fiction Central Jail Tihar Central Jail Tihar 16/02/2017 BPPD/EN/2016-17/286/24.11.2016/4983/28.11.2016/4.1.2017 595.00 658.15 AHU B-653317 1 595.00 English Books
      Non-fiction Central Library Central Library 16/02/2017 BPPD/EN/2016-17/286/24.11.2016/4983/28.11.2016/4.1.2017 595.00 658.15 AHU B-653312 1 595.00 English Books
    Not For Loan Non-fiction D.B.Act.Division D.B.Act.Division 24/11/2015 DBAD/PUB 595.00 658.15 AHU EN-98021 1 595.00 English Books
      Non-fiction Diz Area Diz Area 16/02/2017 BPPD/EN/2016-17/286/24.11.2016/4983/28.11.2016/4.1.2017 595.00 658.15 AHU B-653318 1 595.00 English Books
      Non-fiction Janak Puri Janak Puri 16/02/2017 BPPD/EN/2016-17/286/24.11.2016/4983/28.11.2016/4.1.2017 595.00 658.15 AHU B-653319 1 595.00 English Books
      Non-fiction Kasturba Gandhi Marg Kasturba Gandhi Marg 16/02/2017 BPPD/EN/2016-17/286/24.11.2016/4983/28.11.2016/4.1.2017 595.00 658.15 AHU B-653314 1 595.00 English Books
      Non-fiction Narela Narela 16/02/2017 BPPD/EN/2016-17/286/24.11.2016/4983/28.11.2016/4.1.2017 595.00 658.15 AHU B-653321 1 595.00 English Books
      Non-fiction Patel Nagar Patel Nagar 16/02/2017 BPPD/EN/2016-17/286/24.11.2016/4983/28.11.2016/4.1.2017 595.00 658.15 AHU B-653313 1 595.00 English Books
      Non-fiction Peshwa Road Peshwa Road 16/02/2017 BPPD/EN/2016-17/286/24.11.2016/4983/28.11.2016/4.1.2017 595.00 658.15 AHU B-653315 1 595.00 English Books
      Non-fiction Sarojini Nagar Sarojini Nagar 16/02/2017 BPPD/EN/2016-17/286/24.11.2016/4983/28.11.2016/4.1.2017 595.00 658.15 AHU B-653320 1 595.00 English Books
      Non-fiction Shahdara Branch Shahdara Branch 16/02/2017 BPPD/EN/2016-17/286/24.11.2016/4983/28.11.2016/4.1.2017 595.00 658.15 AHU B-653323 1 595.00 English Books
      Non-fiction Tri Nagar Tri Nagar 16/02/2017 BPPD/EN/2016-17/286/24.11.2016/4983/28.11.2016/4.1.2017 595.00 658.15 AHU B-653316 1 595.00 English Books

© Delhi Public Library
Hit Counter
free hit counter